Analýza síl v ramenách zavesenia kolies študentského monopostu

Saved in:
Bibliographic Details
Main Author: Pös, Matúš (Author)
Other Authors: Chmelko, Vladimír (Thesis advisor)
Format: Manuscript Book
Language:Slovak
Published: 2021
Subjects:
Online Access:http://is.stuba.sk/zp/portal_zp.pl?podrobnosti=157117
Tags: Add Tag
No Tags, Be the first to tag this record!

MARC

LEADER 00000ntm a22000003a 4500
001 stuzp85742
003 SK-STU
005 20210612213933.7
007 ta
008 150427s2015----xo-----f-mn---000-0-slo-d
040 |a STU  |b slo 
041 0 |a slo 
100 1 |a Pös, Matúš  |u 020010  |k Z4  |4 aut  |U SjF Strojnícka fakulta  |T SjF Ústav aplikovanej mechaniky a mechatroniky  |X 87796  |U J0010  |Y 801  |7 87796 
242 0 1 |a Analysis of forces in the suspension arms of the student monopost  |y eng 
245 1 0 |a Analýza síl v ramenách zavesenia kolies študentského monopostu 
260 |c 2021 
650 4 |a Formula Student  |2 slo 
650 4 |a geometria kolies  |2 slo 
650 4 |a osová sila  |2 slo 
650 4 |a Formula Student  |2 eng 
650 4 |a wheel alignment  |2 eng 
650 4 |a axial force  |2 eng 
700 1 |a Chmelko, Vladimír  |u 020010  |k Z1  |4 ths  |U SjF Strojnícka fakulta  |T SjF Ústav aplikovanej mechaniky a mechatroniky  |X 2396  |U J0010  |Y 801  |7 A000002396 
856 4 |u http://is.stuba.sk/zp/portal_zp.pl?podrobnosti=157117